|
|
|
|
| LEADER |
00839nam 2200229 a 4500 |
| 001 |
000743368 |
| 003 |
CZ BrMZK |
| 005 |
20090703110634.0 |
| 007 |
ta |
| 008 |
041014s1965 xo f |||||||| ||slo d |
| 040 |
|
|
|a BOA001
|b cze
|c BOA001
|
| 100 |
1 |
|
|a Váross, Marian,
|d 1923-1988
|7 ola2003162708
|4 aut
|
| 245 |
1 |
0 |
|a Gustáv Mallý /
|c Marian Váross
|
| 250 |
|
|
|a 1. vyd.
|
| 260 |
|
|
|a Bratislava :
|b Vydavateľstvo Slovenského fondu výtvarných umení,
|c 1965
|
| 300 |
|
|
|a 17 s., 38 s. příl., 16 s. bar. příl.
|
| 490 |
1 |
|
|a Knižnica priateľov výtvarného umenia ;
|v zv. 3
|
| 700 |
1 |
|
|a Mallý, Gustáv,
|d 1879-1952
|7 mzk2004252118
|4 art
|
| 830 |
|
0 |
|a Knižnica priateľov výtvarného umenia
|
| 910 |
|
|
|a BOA001
|b 1-0543.036
|k r
|
| 990 |
|
|
|a BK
|
| 996 |
6 |
|
|b 2619211187
|c 1-0543.036
|l MZK
|r Sklad / do 1 hodiny
|n 0
|w 000743368
|u 000010
|a 1
|e BOA001
|j MZK50
|s P
|